书目信息 |
| 题名: |
社会工作资源手册
|
|
| 作者: | 董鸥 编 | |
| 分册: | ||
| 出版信息: | 北京 中国劳动社会保障出版社 2007.11 |
|
| 页数: | 169页 | |
| 开本: | 19cm | |
| 丛书名: | ||
| 单 册: | ||
| 中图分类: | D441 | |
| 科图分类: | ||
| 主题词: | 妇女工作--组织机构--世界--教材 , 妇女工作 , 组织机构 | |
| 电子资源: | ||
| ISBN: | 978-7-5045-6707-9 | |
| 000 | 00878nam0 2200277 450 | |
| 001 | 010800006495 | |
| 005 | 20120628154053.46 | |
| 010 | @a978-7-5045-6707-9@dCNY12.00 | |
| 100 | @a20080412d2007 em y0chiy0110 ea | |
| 101 | 0 | @achi |
| 102 | @aCN@b110000 | |
| 105 | @ay z 000yy | |
| 106 | @ar | |
| 200 | 1 | @a社会工作资源手册@9she hui gong zuo zi yuan shou ce@f董鸥[等]编 |
| 210 | @a北京@c中国劳动社会保障出版社@d2007.11 | |
| 215 | @a169页@d19cm | |
| 300 | @a基层妇女社会工作专业能力建设培训教材/刘梦主编 | |
| 304 | @a编者还有:王中会,赵茜,宫明月 | |
| 330 | @a本书内容包括:妇联机构;为基层妇女提供法律服务的机构;为基层妇女提供教育服务的机构等。 | |
| 606 | 0 | @a妇女工作@x组织机构@y世界@j教材 |
| 606 | 0 | @a妇女工作 |
| 606 | 0 | @a组织机构 |
| 690 | @aD441@v4 | |
| 701 | 0 | @a董鸥@9dong ou@4编 |
| 801 | 0 | @aCN@bRENTIAN@c20080412 |
| 905 | @b541920-23@dD441@e26@f4 | |
| 社会工作资源手册/董鸥[等]编.-北京:中国劳动社会保障出版社,2007.11 |
| 169页;19cm |
| 基层妇女社会工作专业能力建设培训教材/刘梦主编 |
| ISBN 978-7-5045-6707-9:CNY12.00 |
| 本书内容包括:妇联机构;为基层妇女提供法律服务的机构;为基层妇女提供教育服务的机构等。 |
| ● |
| 相关链接 |
|
|
|
|
正题名:社会工作资源手册
索取号:D441/26
 
预约/预借
| 序号 | 登录号 | 条形码 | 馆藏地/架位号 | 状态 | 备注 |
| 1 | 541920 | 205419206 | 第一样本阅览室/ [索取号:D441/26] | 在馆 | |
| 2 | 541921 | 205419215 | 第一借阅区/ [索取号:D441/26] | 在馆 | |
| 3 | 541922 | 205419224 | 第一借阅区/ [索取号:D441/26] | 在馆 | |
| 4 | 541923 | 205419233 | 密集书库-海洋学院/ [索取号:D441/26] | 在馆 |